Los principios jurídicos : perspectiva jurisprudencial /
Contiene: Actualidad de los principios jurídicos; Teorías distintivas "fuertes" y "débiles" entre normas y principios; Criterios distintivos entre normas y principios jurídicos; El núcleo de la distinción de una teoría distintiva "fuerte"; Los otros criterios distintivos; Algunas implicancias de una...
Shranjeno v:
| Glavni avtor: | |
|---|---|
| Format: | Knjiga |
| Jezik: | španščina |
| Izdano: |
Buenos Aires, Argentina :
Depalma,
2000, c2000
|
| Serija: | (Derecho Judicial)
|
| Teme: | |
| Oznake: |
Brez oznak, prvi označite!
|
MARC
| LEADER | 00000nam^a2200000^a^4500 | ||
|---|---|---|---|
| 001 | 000154761 | ||
| 005 | 20250521000000.0 | ||
| 005 | 20250521000000.0 | ||
| 009 | 20260310100404.977 | ||
| 020 | |a 950-14-1756-5 | ||
| 037 | |a Acervo ITESO - Biblioteca | ||
| 041 | |a ESP | ||
| 082 | |a 347. 82 |b VIG | ||
| 100 | |a Vigo, Rodolfo Luis |e (autor) | ||
| 245 | 1 | 4 | |a Los principios jurídicos : |b perspectiva jurisprudencial / |c R.L. Vigo. |
| 264 | 4 | |a Buenos Aires, Argentina : |b Depalma, |c 2000, c2000 | |
| 300 | |a XV, 225 p. | ||
| 336 | |a texto |b txt |2 rdacontenido | ||
| 337 | |a sin mediación |b n |2 rdamedio | ||
| 338 | |a volumen |b nc |2 rdasoporte | ||
| 440 | 1 | |a (Derecho Judicial) | |
| 520 | |a Contiene: Actualidad de los principios jurídicos; Teorías distintivas "fuertes" y "débiles" entre normas y principios; Criterios distintivos entre normas y principios jurídicos; El núcleo de la distinción de una teoría distintiva "fuerte"; Los otros criterios distintivos; Algunas implicancias de una teoría "fuerte" de los principios; Clases de derechos humanos fundamentales y deberes jurídicos fundamentales; Teoría distintiva "débil" entre normas y principios; Los principios jurídicos y su receptividad en los códigos civiles; Principios de del derecho y valores; Análisis jurisprudencial particularizado; Análisis jurisprudencial genérico; Conflictos o tensiones entre principios. | ||
| 649 | |a XX | ||
| 650 | |a Valores | ||
| 650 | |a Sanciones (Derecho) - |z Argentina | ||
| 650 | |a Jurisprudencia - |z Argentina | ||
| 650 | |a Poder Judicial | ||
| 650 | |a Justicia - |x Administración | ||
| 650 | |a Axiología | ||
| 650 | |a Derecho - |x Teoría | ||
| 650 | |a Derecho - |x Filosofía | ||
| 650 | |a Suprema Corte de Justicia - |z Argentina | ||
| 650 | |a Juicios - |z Argentina | ||
| 650 | |a Derecho Constitucional | ||
| 910 | |a Fondo General | ||
| 920 | |a Impresos - Libros | ||
| 930 | |a Colección General | ||
| 905 | |a 101 | ||
| 901 | |a 0500086544 |b IT1 |c ACC |u 20250521 | ||
| 902 | |a https://opac.biblio.iteso.mx/vufind/Record/000154761 | ||